<?xml version='1.0' encoding='UTF-8'?>
  <record xmlns="http://www.loc.gov/MARC21/slim">
    <leader>00000cam a22000007i 4500</leader>
    <controlfield tag="001">on1419190311</controlfield>
    <controlfield tag="003">OCoLC</controlfield>
    <controlfield tag="005">20251011180746.5</controlfield>
    <controlfield tag="008">240129s1593    gw            000 0 lat d</controlfield>
    <datafield tag="040" ind1=" " ind2=" ">
      <subfield code="a">QGJ</subfield>
      <subfield code="b">eng</subfield>
      <subfield code="e">rda</subfield>
      <subfield code="e">dcrmr</subfield>
      <subfield code="c">QGJ</subfield>
      <subfield code="d">QGJ</subfield>
      <subfield code="d">OCLCO</subfield>
      <subfield code="d">OCLCL</subfield>
      <subfield code="d">OCLCO</subfield>
    </datafield>
    <datafield tag="035" ind1=" " ind2=" ">
      <subfield code="a">(OCoLC)1419190311</subfield>
    </datafield>
    <datafield tag="100" ind1="1" ind2=" ">
      <subfield code="a">Crato von Crafftheim, Johannes,</subfield>
      <subfield code="d">1519-1585,</subfield>
      <subfield code="e">author.</subfield>
      <subfield code="4">aut</subfield>
      <subfield code="1">https://id.oclc.org/worldcat/entity/E39PBJpv4JDdk6tDMrpVCrbPQq</subfield>
    </datafield>
    <datafield tag="245" ind1="1" ind2="0">
      <subfield code="a">Consiliorum, et Epistolarum Medicinalium, Ioh. Cratonis a Kraftheim, archiatri Caesarei, et aliorum praestantissimorum Medicorum, liber quartus, Nunc primùm studio &amp; labore Laurentij Scholzij, medici Vratisl. in lucem editus.</subfield>
    </datafield>
    <datafield tag="246" ind1="3" ind2=" ">
      <subfield code="a">Consiliorvm, et Epistolarum Medicinalium, Ioh. Cratonis a Kraftheim, archiatri Caesarei, et aliorvm praestantissimorum Medicorum, liber qvartvs</subfield>
    </datafield>
    <datafield tag="246" ind1="1" ind2="7">
      <subfield code="a">Consilior. Medicin. Liber IIII</subfield>
    </datafield>
    <datafield tag="246" ind1="1" ind2="7">
      <subfield code="a">Epistolar. Medicin. Liber quartus</subfield>
    </datafield>
    <datafield tag="264" ind1=" " ind2="1">
      <subfield code="a">Francofurti, :</subfield>
      <subfield code="b">Apud Andreae Wecheli heredes, Claudium Marnium &amp; Ioan. Aubrium.,</subfield>
      <subfield code="c">1593.</subfield>
    </datafield>
    <datafield tag="300" ind1=" " ind2=" ">
      <subfield code="a">629, [3] pages :</subfield>
      <subfield code="b">illustrations ;</subfield>
      <subfield code="c">17 cm (8vo)</subfield>
    </datafield>
    <datafield tag="336" ind1=" " ind2=" ">
      <subfield code="a">text</subfield>
      <subfield code="b">txt</subfield>
      <subfield code="2">rdacontent</subfield>
    </datafield>
    <datafield tag="337" ind1=" " ind2=" ">
      <subfield code="a">unmediated</subfield>
      <subfield code="b">n</subfield>
      <subfield code="2">rdamedia</subfield>
    </datafield>
    <datafield tag="338" ind1=" " ind2=" ">
      <subfield code="a">volume</subfield>
      <subfield code="b">nc</subfield>
      <subfield code="2">rdacarrier</subfield>
    </datafield>
    <datafield tag="340" ind1=" " ind2=" ">
      <subfield code="m">8vo</subfield>
      <subfield code="2">rdabf</subfield>
    </datafield>
    <datafield tag="500" ind1=" " ind2=" ">
      <subfield code="a">Signatures: A-Z⁸ Aa-Qq⁸ Rr⁴.</subfield>
    </datafield>
    <datafield tag="500" ind1=" " ind2=" ">
      <subfield code="a">Contains initials and a head-piece.</subfield>
    </datafield>
    <datafield tag="500" ind1=" " ind2=" ">
      <subfield code="a">Printer's device on title page and on verso of last leaf.</subfield>
    </datafield>
    <datafield tag="500" ind1=" " ind2=" ">
      <subfield code="a">Contains dedicatory poems by Johannes Weidnerus, Melchior Tilesius and Salomon Frencelius à Fridenthal.</subfield>
    </datafield>
    <datafield tag="500" ind1=" " ind2=" ">
      <subfield code="a">5 volumes published between 1591-1594. Volumes 7-8 were published in 1611 with the imprint: Hanoviae : Typis Wechelianis, apud haeredes Ioannis Aubrii.</subfield>
    </datafield>
    <datafield tag="500" ind1=" " ind2=" ">
      <subfield code="a">Contains contributions by (among others): Caspar Hofman, Andreas Gallus and Caspar Nefius.</subfield>
    </datafield>
    <datafield tag="500" ind1=" " ind2=" ">
      <subfield code="a">Contains letters by (among others): Rembertus Dodonaeus, Thomas Iordanus and Martinus Weinrichius.</subfield>
    </datafield>
    <datafield tag="500" ind1=" " ind2=" ">
      <subfield code="a">Contains with a separated title page and continuous pagination (pages [443]-463) and signatures (Ee6-Ff8): Succini historia, Breuiter &amp; succinctè descripta; with 2 dedicatory poems by Tobias Fischer and Albertus Fridericus Mellemanus;</subfield>
    </datafield>
    <datafield tag="500" ind1=" " ind2=" ">
      <subfield code="a">Contains with a separated title page and continuous pagination (pages 465-472) and signatures (Gg1-Gg4): De rana et lacerta, succino Prussiaco insitis. Danielis Hermanni Prussi, discursus philosophicus.</subfield>
    </datafield>
    <datafield tag="500" ind1=" " ind2=" ">
      <subfield code="a">Contains with a separated title page and continuous pagination (pages 473-629) and signatures (Gg5-Rr4): Commentarius De vera praecauendi et curandi Febrem Pestilentem contagiosam ratione, Iohan Cratonis `a Krafttheim ... Germanico idiomate conscriptus. Nunc in latinum, ex postrema &amp; locupletissima ipsius Authoris recognitione conuersus, additis plurimis remediorum formulis nunquam antea editis, studio &amp; opera, Martini Weinrichij Vrat. Addita est eiusdem assertio Latina pro libello Teutonice edito.</subfield>
    </datafield>
    <datafield tag="510" ind1="4" ind2=" ">
      <subfield code="a">Verzeichnis der im deutschen Sprachbereich erschienenen Drucke des 16. Jahrhunderts (VD 16),</subfield>
      <subfield code="c">C 5706</subfield>
      <subfield code="u">https://gateway-bayern.de/VD16+C+5706</subfield>
    </datafield>
    <datafield tag="510" ind1="4" ind2=" ">
      <subfield code="3">Crato von Krafftheim, Johannes. Commentarius cavendi et curandi febrem pestilentem contagiosam:</subfield>
      <subfield code="a">Verzeichnis der im deutschen Sprachbereich erschienenen Drucke des 16. Jahrhunderts (VD 16),</subfield>
      <subfield code="c">C 5722</subfield>
      <subfield code="u">https://gateway-bayern.de/VD16+C+5706</subfield>
    </datafield>
    <datafield tag="510" ind1="4" ind2=" ">
      <subfield code="3">Goldschmidt, Andreas. Succini historia:</subfield>
      <subfield code="a">Verzeichnis der im deutschen Sprachbereich erschienenen Drucke des 16. Jahrhunderts (VD 16),</subfield>
      <subfield code="c">G 2566</subfield>
      <subfield code="u">https://gateway-bayern.de/VD16+C+5706</subfield>
    </datafield>
    <datafield tag="650" ind1=" " ind2="0">
      <subfield code="a">Medicine</subfield>
      <subfield code="v">Early works to 1800.</subfield>
    </datafield>
    <datafield tag="650" ind1=" " ind2="0">
      <subfield code="a">Plague</subfield>
      <subfield code="v">Early works to 1800.</subfield>
    </datafield>
    <datafield tag="650" ind1=" " ind2="0">
      <subfield code="a">Diseases</subfield>
      <subfield code="v">Early works to 1800.</subfield>
    </datafield>
    <datafield tag="650" ind1=" " ind2="6">
      <subfield code="a">Médecine</subfield>
      <subfield code="v">Ouvrages avant 1800.</subfield>
    </datafield>
    <datafield tag="650" ind1=" " ind2="6">
      <subfield code="a">Peste</subfield>
      <subfield code="v">Ouvrages avant 1800.</subfield>
    </datafield>
    <datafield tag="650" ind1=" " ind2="6">
      <subfield code="a">Maladies</subfield>
      <subfield code="v">Ouvrages avant 1800.</subfield>
    </datafield>
    <datafield tag="700" ind1="1" ind2=" ">
      <subfield code="a">Scholz, Lorenz,</subfield>
      <subfield code="d">1552-1599,</subfield>
      <subfield code="e">writer of preface,</subfield>
      <subfield code="e">dedicatee.</subfield>
      <subfield code="e">editor.</subfield>
      <subfield code="4">wpr</subfield>
      <subfield code="4">dte</subfield>
      <subfield code="4">edt</subfield>
      <subfield code="1">https://id.oclc.org/worldcat/entity/E39PBJvMxFGjGQvXQhkfm8C4v3</subfield>
    </datafield>
    <datafield tag="700" ind1="1" ind2=" ">
      <subfield code="a">Weidner, Johann,</subfield>
      <subfield code="d">-1612,</subfield>
      <subfield code="e">contributor.</subfield>
      <subfield code="4">ctb</subfield>
    </datafield>
    <datafield tag="700" ind1="1" ind2=" ">
      <subfield code="a">Tilesius, Melchior,</subfield>
      <subfield code="d">-1603,</subfield>
      <subfield code="e">contributor.</subfield>
      <subfield code="4">ctb</subfield>
    </datafield>
    <datafield tag="700" ind1="1" ind2=" ">
      <subfield code="a">Frenzel von Friedenthal, Salomon,</subfield>
      <subfield code="d">1564-1605,</subfield>
      <subfield code="e">contributor.</subfield>
      <subfield code="4">ctb</subfield>
    </datafield>
    <datafield tag="700" ind1="1" ind2=" ">
      <subfield code="a">Hofmann, Caspar,</subfield>
      <subfield code="d">1529-1584,</subfield>
      <subfield code="e">contributor.</subfield>
      <subfield code="4">ctb</subfield>
    </datafield>
    <datafield tag="700" ind1="1" ind2=" ">
      <subfield code="a">Gallus, Andreas,</subfield>
      <subfield code="e">contributor.</subfield>
      <subfield code="4">ctb</subfield>
    </datafield>
    <datafield tag="700" ind1="1" ind2=" ">
      <subfield code="a">Neefe, Caspar,</subfield>
      <subfield code="d">1514-1579,</subfield>
      <subfield code="e">contributor.</subfield>
      <subfield code="4">ctb</subfield>
    </datafield>
    <datafield tag="700" ind1="1" ind2=" ">
      <subfield code="a">Fischer, Tobias,</subfield>
      <subfield code="d">1559-1616,</subfield>
      <subfield code="e">contributor.</subfield>
      <subfield code="4">ctb</subfield>
    </datafield>
    <datafield tag="700" ind1="1" ind2=" ">
      <subfield code="a">Mellemann, Albert Friedrich,</subfield>
      <subfield code="e">contributor.</subfield>
      <subfield code="4">ctb</subfield>
    </datafield>
    <datafield tag="700" ind1="1" ind2=" ">
      <subfield code="a">Dodoens, Rembert,</subfield>
      <subfield code="d">1517-1585,</subfield>
      <subfield code="e">correspondent.</subfield>
      <subfield code="4">crp</subfield>
      <subfield code="1">https://id.oclc.org/worldcat/entity/E39PBJcGrM4V4FywXPTRxWrjG3</subfield>
    </datafield>
    <datafield tag="700" ind1="1" ind2=" ">
      <subfield code="a">Iordan, Thomas,</subfield>
      <subfield code="d">1539-1585,</subfield>
      <subfield code="e">correspondent.</subfield>
      <subfield code="4">crp</subfield>
      <subfield code="1">https://id.oclc.org/worldcat/entity/E39PBJr3yBthV3kCDq9FGvrrMP</subfield>
    </datafield>
    <datafield tag="700" ind1="1" ind2=" ">
      <subfield code="a">Weinrich, Martin,</subfield>
      <subfield code="d">1548-1609,</subfield>
      <subfield code="e">correspondent,</subfield>
      <subfield code="e">translator.</subfield>
      <subfield code="4">crp</subfield>
      <subfield code="4">trl</subfield>
      <subfield code="1">https://id.oclc.org/worldcat/entity/E39PBJxCwFRBRMGqq6F9jT4yVC</subfield>
    </datafield>
    <datafield tag="700" ind1="1" ind2=" ">
      <subfield code="a">Peucer, Kaspar,</subfield>
      <subfield code="d">1525-1602,</subfield>
      <subfield code="e">dedicatee.</subfield>
      <subfield code="4">dte</subfield>
      <subfield code="1">https://id.oclc.org/worldcat/entity/E39PBJckWdg8qWhKP3Qjp8rpfq</subfield>
    </datafield>
    <datafield tag="700" ind1="1" ind2=" ">
      <subfield code="a">Clusius, Carolus,</subfield>
      <subfield code="d">1526-1609,</subfield>
      <subfield code="e">dedicatee.</subfield>
      <subfield code="4">dte</subfield>
      <subfield code="1">https://id.oclc.org/worldcat/entity/E39PBJwmQxfgvwG6D9DK6TYtrq</subfield>
    </datafield>
    <datafield tag="700" ind1="1" ind2="2">
      <subfield code="i">Container of (expression):</subfield>
      <subfield code="a">Aurifaber, Andreas,</subfield>
      <subfield code="d">1512?-1559.</subfield>
      <subfield code="t">Succini historia.</subfield>
    </datafield>
    <datafield tag="700" ind1="1" ind2="2">
      <subfield code="i">Container of (expression):</subfield>
      <subfield code="a">Hermann, Daniel,</subfield>
      <subfield code="d">1543?-1601.</subfield>
      <subfield code="t">De rana et lacerta succino Prussiaco insitis.</subfield>
    </datafield>
    <datafield tag="700" ind1="1" ind2="2">
      <subfield code="i">Container of (expression):</subfield>
      <subfield code="a">Crato von Crafftheim, Johannes,</subfield>
      <subfield code="d">1519-1585.</subfield>
      <subfield code="t">Ordnung der Präservation, wie man sich wider die erschreckliche Seuche der Pestilenz verwahren ... soll.</subfield>
      <subfield code="l">Latin.</subfield>
    </datafield>
    <datafield tag="700" ind1="0" ind2=" ">
      <subfield code="a">Rudolf</subfield>
      <subfield code="b">II,</subfield>
      <subfield code="c">Holy Roman Emperor,</subfield>
      <subfield code="d">1552-1612,</subfield>
      <subfield code="e">censor.</subfield>
      <subfield code="4">cns</subfield>
      <subfield code="1">https://id.oclc.org/worldcat/entity/E39PCjCMqJHqcmfYgwmpk8YbMP</subfield>
    </datafield>
    <datafield tag="700" ind1="1" ind2=" ">
      <subfield code="a">Marne, Claude de,</subfield>
      <subfield code="d">-1610,</subfield>
      <subfield code="e">printer.</subfield>
      <subfield code="4">prt</subfield>
      <subfield code="1">https://id.oclc.org/worldcat/entity/E39PBJgCF7dC3w63TYcGFrycfq</subfield>
    </datafield>
    <datafield tag="700" ind1="1" ind2=" ">
      <subfield code="a">Aubry, Jean,</subfield>
      <subfield code="d">-1600 or 1601,</subfield>
      <subfield code="e">printer.</subfield>
      <subfield code="4">prt</subfield>
      <subfield code="1">https://id.oclc.org/worldcat/entity/E39PBJk94bkpDxH36Vq3TDGj4q</subfield>
    </datafield>
    <datafield tag="710" ind1="2" ind2=" ">
      <subfield code="a">Andreae Wecheli Heredes,</subfield>
      <subfield code="e">printer.</subfield>
      <subfield code="4">prt</subfield>
      <subfield code="1">https://id.oclc.org/worldcat/entity/E39QQPVp7MxhQwwfMQDRdJrGgg</subfield>
    </datafield>
    <datafield tag="740" ind1="0" ind2=" ">
      <subfield code="a">Succini historia, Breuiter &amp; succinctè descripta.</subfield>
    </datafield>
    <datafield tag="740" ind1="0" ind2=" ">
      <subfield code="a">Commentarius cavendi et curandi febrem pestilentem contagiosam.</subfield>
    </datafield>
    <datafield tag="752" ind1=" " ind2=" ">
      <subfield code="a">Germany</subfield>
      <subfield code="d">Frankfurt am Main,</subfield>
      <subfield code="e">publication place.</subfield>
      <subfield code="4">pup</subfield>
    </datafield>
  </record>